| 000 | 00445nam a2200157 4500 | ||
|---|---|---|---|
| 008 | 01965 0ant 000 0MEX | ||
| 020 | _a968-26-1040-0 | ||
| 050 | _aTJ260 K39 | ||
| 082 | _a660.284.27 K165p | ||
| 100 | _aKern, Donald Q. | ||
| 245 | _aProcesos de transferencia de calor / Donald Q. Kern | ||
| 250 | _a1 /reimp. 2003, 2005 | ||
| 260 | _aMéxico : CECSA | ||
| 300 | _a980 p. / 22 cm. | ||
| 650 | _a1.TRANSFERENCIA DE CALOR | ||
| 999 |
_c18599 _d18599 |
||